000 00810nam a2200217Ia 4500
008 191130s2010##################000#0#eng##
020 _a9780521196123
022 _a2010283158
040 _aACL
_cACL
082 _a363.70526094 JOR
245 _aClimate change policy in the European Union : confronting the dilemmas of mitigation and adaptation?
_cedited by Andrew Jordan ... [et al.]
260 _aCambridge
_bCambridge University Press
_c2010
300 _axx, 284 p. : ill. ; 26 cm
500 _aIncludes bibliographical references and index
650 _aClimatic changes - Government policy - European Union countries
650 _aClimatic changes - International cooperation
700 _aJordan, Andrew
990 _a15d28e3cac10000c7452e21be801d1d8
991 _a269951
999 _c130853
_d130853